Szczegóły MARC21

Gesammelte Gedichte. Band 2 / Bertolt Brecht ; Redaktion: Elisabeth Hauptmann in Zusammenarbeit mit Rosemarie Hill.

003 -Nazwa inst., której nr kontr. jest w polu 001 [,]
    • @
    • Nazwa instytucji, której n kontrolny jest w polu 001
    • NUKAT
005 -DATA I CZAS OSTATNIEJ MODYFIKACJI [,]
    • @
    • pole kontrolne
    • 20241231100349.0
020 -Międzynarod. znormalizowany nr książki - ISBN [ , ]
    • a
    • Numer ISBN
    • 3518108360 Find
040 -Instytucja sporządzająca opis [ , ]
    • a
    • Instytucja, która sporządziła opis (NP)
    • SZCZ U/AB
    • b
    • Język katalogowania
    • pol
    • e
    • Zasady katalogowania
    • rda
    • c
    • Instytucja, która sporządziła rekord (NP)
    • SZCZ U/ABs
    • d
    • Instytucja, która zmodyfikowała rekord (P)
    • SZCZ U/MC
942 -Rodzaj dokumentu [ , ]
    • c
    • Rodzaj dokumentu
    • Książka
100 -Hasło główne - nazwa osobowa [1, ]
    • a
    • Nazwa osobowa (NP)
    • Brecht, Bertolt
    • d
    • Daty biograficzne (NP)
    • (1898-1956).
    • e
    • Rodzaj współpracy
    • Autor
    • 9
    • KHW
    • 51242
245 -Strefa tytułu i oznaczenia odpowiedzialności [1,0]
    • a
    • Tytuł
    • Gesammelte Gedichte. Find
    • n
    • Oznaczenie części (P)
    • Band 2 / Bertolt Brecht ; Redaktion: Elisabeth Hauptmann in Zusammenarbeit mit Rosemarie Hill.
250 -Strefa wydania [ , ]
    • a
    • Oznaczenie wydania (NP)
    • 3. Auflage, 41.-49. Tausend.
260 -Strefa adresu wydawniczego [ , ]
    • a
    • Miejsce wydania (P)
    • Frankfurt am Main :
    • b
    • Nazwa wydawcy (P)
    • Suhrkamp Verlag,
    • c
    • Data wydania (P)
    • 1981.
300 -Strefa opisu fizycznego [ , ]
    • a
    • Określenie formy książki i/lub objętość (NP)
    • [11], 426-822, [2] strony ;
    • c
    • Format (NP)
    • 18 cm.
336 -Typ zawartości [ , ]
    • a
    • Termin opisujący typ zawartości
    • Tekst
    • b
    • Kod określający zawartość
    • txt
    • 2
    • Źródło (terminu i kodu)
    • rdacontent
337 -Typ mediów [ , ]
    • a
    • Tryb odtwarzania
    • Bez urządzenia pośredniczącego
    • b
    • Kod typu mediów
    • n
    • 2
    • Źródło (terminu i kodu)
    • rdamedia
338 -Typ/rodzaj nośnika [ , ]
    • a
    • Hasło opisujące typ nośnika
    • Wolumin
    • b
    • Kod typu nośnika
    • nc
    • 2
    • Źródło (terminu i kodu)
    • rdacarrier
490 -Strefa serii i książki wielotomowej - forma nie do wyszukiwania [1, ]
    • a
    • Tytuł (P)
    • Edition Suhrkamp ; Find
    • v
    • Numeracja (P)
    • 836
830 -Hasło dodatkowe serii i opisu książki wielotomowej - tytuł ujednolicony/tytuł [ ,0]
    • a
    • Tytuł ujednolicony/tytuł (NP)
    • Edition Suhrkamp
    • x
    • ISSN
    • 0422-5821
    • v
    • Oznaczenie tomu (NP)
    • 836
    • 9
    • KHW
    • 22943
500 -Uwaga ogólna [ , ]
    • a
    • Uwaga ogólna (NP)
    • Herausgegeben vom Suhrkamp Verlag in Zusammenarbeit mit Elisabeth Hauptmann.
505 -Uwaga dot. zawartości książki [0, ]
    • a
    • Uwaga dot. zawartości książki
    • Lieder, Gedichte, Chöre ; Gedichte 1933-1938 ; Svendborger Gedichte ; Gedichte 1938-1941.
655 -Hasło w funkcji tematu formalnego [ ,7]
    • a
    • Hasło
    • Poezja niemiecka
    • y
    • Określnik chronologiczny
    • 20 w.
    • 2
    • Źródło terminu
    • kaba
    • 9
    • KHW
    • 187299
700 -Hasło dodatkowe - nazwa osobowa [1, ]
    • a
    • Nazwa osobowa (NP)
    • Hauptmann, Elisabeth Find
    • d
    • Daty biograficzne (NP)
    • (1897-1973).
    • e
    • Określenie rodzaju współpracy
    • Redakcja
    • 9
    • KHW
    • 237286
700 -Hasło dodatkowe - nazwa osobowa [1, ]
    • a
    • Nazwa osobowa (NP)
    • Hill, Rosemarie. Find
    • e
    • Określenie rodzaju współpracy
    • Redakcja
    • 9
    • KHW
    • 484491
700 -Hasło dodatkowe - nazwa osobowa [1,2]
    • a
    • Nazwa osobowa (NP)
    • Brecht, Bertolt Find
    • d
    • Daty biograficzne (NP)
    • (1898-1956).
    • t
    • Tytuł ujednolicony/tytuł (NP)
    • Lieder, Gedichte, Chöre Find
    • l
    • Język tekstu (NP)
    • (niem.)
    • 9
    • KHW
    • 484494
700 -Hasło dodatkowe - nazwa osobowa [1,2]
    • a
    • Nazwa osobowa (NP)
    • Brecht, Bertolt Find
    • d
    • Daty biograficzne (NP)
    • (1898-1956).
    • t
    • Tytuł ujednolicony/tytuł (NP)
    • Svendborger Gedichte Find
    • l
    • Język tekstu (NP)
    • (niem.)
    • 9
    • KHW
    • 484495
700 -Hasło dodatkowe - nazwa osobowa [1,2]
    • a
    • Nazwa osobowa (NP)
    • Brecht, Bertolt Find
    • d
    • Daty biograficzne (NP)
    • (1898-1956).
    • t
    • Tytuł ujednolicony/tytuł (NP)
    • Gedichte 1933-1938 Find
    • l
    • Język tekstu (NP)
    • (niem.)
    • 9
    • KHW
    • 484496
700 -Hasło dodatkowe - nazwa osobowa [1,2]
    • a
    • Nazwa osobowa (NP)
    • Brecht, Bertolt Find
    • d
    • Daty biograficzne (NP)
    • (1898-1956).
    • t
    • Tytuł ujednolicony/tytuł (NP)
    • Gedichte 1938-1941 Find
    • l
    • Język tekstu (NP)
    • (niem.)
    • 9
    • KHW
    • 484497
710 -Hasło dodatkowe - nazwa ciała zbiorowego [2, ]
    • a
    • Nazwa ciała zbiorowego lub nazwa geograficzna jako pierwszy element (NP)
    • Suhrkamp Verlag.
    • e
    • Rodzaj współpracy
    • Wydawca
    • 4
    • Kod relacji
    • pbl
    • 9
    • KHW
    • 56105
920 -ISBN [ , ]
    • a
    • ISBN
    • 3-518-10836-0 Find
Sygnatura Status udost. Lokalizacja Numer inwentarzowy
Germ. Poezja-3BMG.1387